000 01013cam a2200313 a 4500
001 14284575
003 OSt
005 20230606081839.0
008 060303s2005 ke b 001 0 eng
010 _a 2006306265
020 _a9966703462
040 _aDLC
_cDLC
_dDLC
042 _alcode
043 _af-ke---
050 0 0 _aKSK4610
_b.L86 2005
082 _a345.056762
_bLUM
100 1 _aLumumba, Patrick L. O.
245 1 2 _aA handbook on criminal procedure in Kenya /
_cP.L.O. Lumumba.
246 1 4 _aCriminal procedure in Kenya
260 _aNairobi, Kenya :
_bLawAfrica,
_c2005.
300 _axlix, 221 p. ;
_c22 cm.
500 _aOriginally published: 1998.
504 _aIncludes bibliographical references and index.
650 0 _aCriminal procedure
_zKenya.
856 4 1 _3Table of contents only
_uhttp://www.loc.gov/catdir/toc/fy0613/2006306265.html
906 _a7
_bcbc
_corigcop
_d2
_encip
_f20
_gy-gencatlg
942 _2ddc
_cBK
999 _c469
_d469